Property snapshot (Record no. 119282)

MARC details
000 -LEADER
fixed length control field 00882cas a22002175 4500
001 - CONTROL NUMBER
control field L150555
008 - FIXED-LENGTH DATA ELEMENTS--GENERAL INFORMATION
fixed length control field 100727c2008 xxk r p 0 a0eng u
035 ## - SYSTEM CONTROL NUMBER
System control number (Sirsi) u150555
041 0# - LANGUAGE CODE
Language code of text/sound track or separate title eng
050 ## - LIBRARY OF CONGRESS CALL NUMBER
Classification number 333.33 $2 18
110 2# - MAIN ENTRY--CORPORATE NAME
Corporate name or jurisdiction name as entry element Colliers International
9 (RLIN) 5548
245 00 - TITLE STATEMENT
Title Property snapshot
Medium [electronic resource]
260 ## - PUBLICATION, DISTRIBUTION, ETC.
Place of publication, distribution, etc. London
Name of publisher, distributor, etc. Colliers CRE
Date of publication, distribution, etc. 2008-
362 0# - DATES OF PUBLICATION AND/OR SEQUENTIAL DESIGNATION
Dates of publication and/or sequential designation March 2008-
490 #0 - SERIES STATEMENT
Series statement Colliers International Property Snapshot
520 ## - SUMMARY, ETC.
Summary, etc. Monthly survey of the UK commercial property investment market, retail, office, logistic, industrial and residential occupier markets and the economic background. Focuses on Colliers International's views on these sectors.
554 ## -
-- Monthly
651 #4 - SUBJECT ADDED ENTRY--GEOGRAPHIC NAME
Geographic name United Kingdom
Chronological subdivision
856 48 - ELECTRONIC LOCATION AND ACCESS
Uniform Resource Identifier <a href="https://www.colliers.com/markets/uk/marketoverviewreports">https://www.colliers.com/markets/uk/marketoverviewreports</a>
Public note View the report free of charge at www.cluttons.com
942 ## - ADDED ENTRY ELEMENTS (KOHA)
Suppress in OPAC 0
Holdings
Withdrawn status Lost status Source of classification or shelving scheme Damaged status Not for loan Home library Current library Shelving location Date acquired Total Checkouts Full call number Barcode Date last seen Copy number Price effective from Koha item type
    Dewey Decimal Classification     Virtual Virtual Online 27/07/2010   ONLINE PUBLICATION 150555-2001 06/08/2019 1 06/08/2019 Book